Responses for Jeopardy! Masters game #7 - Friday, May 12, 2023

2023 Jeopardy! Masters quarterfinal game 7.

Contestants

[<< previous game]

Amy Schneider, a writer from Oakland, California

Sam Buttrey, an associate professor at the Naval Postgraduate School from Pacific Grove, California

Andrew He, a software developer from San Francisco, California

[next game >>]

Jeopardy! Round responses

REVOLT-ING HISTORY
HANG IN THERE
PRESENT COMPANY ACCEPTED
JOHNNY GILBERT'S MUSICAL THEATER AUDITION
(Ken: You'll have to name the show Johnny is trying out for.)
THE SUFFERING OF JESUS
TABLE TALK
    200 20
the Whiskey Rebellion

Andrew
    200 22
rally

Amy
    200 24
Tesla

Sam
    200 29
(Sam: [Selecting the last clue] I would like that one! [Points zealously])

The Lion King

Sam
    200 30
the Disciples

Sam
    200 27
vanity

Sam
    400 19
Marx

Sam
    400 21
survival

Sam
    400 23
Nike

Sam
    400 28
The Book of Mormon

Andrew
    400 26
agony

Sam
    400 25
a bridge

Amy
    4,400 16
1916

Andrew
    600 18
perseverance

Triple Stumper
    600 15
Berkshire Hathaway

Andrew
    600 17
Mean Girls

Amy
    600 14
forsaken me

Amy
    600 13
a massage table

Amy
    800 5
Colombia

Sam
    800 6
the Endurance (Shackleton's ship)

Triple Stumper
    800 12
[Ken reads "$$$" as "money".]

PayPal

Sam
    800 10
(Ken: I think he's gonna get the part. He's very good.)

My Fair Lady

Sam
    800 8
flagellation

Amy
    800 7
a drafting table

Andrew
    1000 4
(Sam: Who is Pancho Villa?)

Zapata

AndrewSam
    1000 3
grit

Andrew
    1000 2
Cartier

Triple Stumper
    1000 11
Dreamgirls

Amy
    1000 9
Golgotha

Sam
    1000 1
(Ken: For those of you at home that want to know in advance where the Daily Double in this round is hidden, we'll reveal it now. [Beep boop])

Parsons

Andrew

Scores at the end of the Jeopardy! Round:

Andrew Sam Amy
9,400 4,800 4,200

Double Jeopardy! Round responses

FUNNY LADIES
MEDIEVAL LITERATURE
ISLE BE "C"ING YOU
(Ken: Each response will begin with the letter C.)
INVERTEBRATES
CHRISTIAN-ITY
MNEMONIC POSSESSION
    400 23
McCarthy

Andrew
    400 29
Chaucer

Andrew
    400 28
Cuba

Sam
    400 24
a centipede

Amy
    400 26
(Ken: You do know your fashion design!)

Dior

Sam
    400 30
(Ken: That's correct. They had to unload Pluto from the mnemonic.)

the planets

Amy
    800 22
Rudolph

Sam
    15,400 10
Marco Polo

Andrew
    800 1
(Ken: Now, before we begin the round, let's show the folks at home where the two Daily Doubles are hidden in this round [beep boop] so we can agonize if the Masters come so close to them multiple times.)

Capri

Andrew
    800 25
a leech

Andrew
    800 27
(Amy: What's the Moulin Rouge?)
...
(Ken: Painting is of the Bar at the [*].)

Folies-Bergère

Amy
Triple Stumper
    800 14
the colors of the rainbow

Andrew
    1200 16
Joan Rivers

Amy
    1200 7
the Book of Kells

Sam
    1200 3
Curaçao

Amy
    1200 2
a jellyfish

Amy
    1200 19
(Andrew: Who is Louboutin?)
(Ken: Nope. Sam or Amy? Amy.)
(Amy: Who is Soriato?)
(Ken: No.)
(Amy: Ah!)
[Sam chuckles.]
(Ken: Sam?--just chuckles.)
(Sam: [Deeper] Ha ha ha!)

Christian Siriano

AndrewAmy
Triple Stumper
    1200 13
the wives of King Henry VIII

Sam
    1600 20
Issa Rae

Amy
    1600 8
Constantine

Andrew
    1600 4
Cozumel

Triple Stumper
    1600 6
(Ken: Yeah, [*]s glow.)

scorpion

Andrew
    1600 18
(Ken: My niece and nephew are yelling at the TV at home. [*] is the show.)

Yo Gabba Gabba

Triple Stumper
    1600 11
(Ken: [*] comes before kingdom and phylum now, yes.)

domain

Andrew
    2000 21
(Amy: Who is... um... uh...)

(Tig) Notaro

AndrewAmy
    2000 9
Percival

Andrew
    6,600 5
Corregidor

Amy
    2000 15
whelk

Triple Stumper
    2000 17
(Christian) Doppler

Andrew
    2000 12
face, arms & speech

Amy

Scores at the end of the Double Jeopardy! Round:

Andrew Sam Amy
37,600 8,800 14,800
(lock game)

[wagering suggestions for these scores]

Final Jeopardy! Round responses

NEW ENGLAND WOMEN
(Ken: This is [*] who taught Helen Keller how to sign.)
SamWho is Barton?
8,800
AmyWho is Eddy?
5,000
AndrewWho
0
Annie Sullivan

Final scores:

Andrew Sam Amy
37,600 0 9,800
Winner: 8 match points 3rd place: 2 match points 2nd place: 3 match points

Game dynamics:

Coryat scores:

Andrew Sam Amy
19,200 8,800 10,200
20 R
(including 2 DDs),
1 W
17 R,
1 W
15 R
(including 1 DD),
3 W

Combined Coryat: 38,200

[game clues] [game scores] [suggest correction]

Game tape date: 2023-03-15
The J! Archive is created by fans, for fans. Scraping, republication, monetization, and malicious use prohibited; this site may use cookies and collect identifying information. See terms. The Jeopardy! game show and all elements thereof, including but not limited to copyright and trademark thereto, are the property of Jeopardy Productions, Inc. and are protected under law. This website is not affiliated with, sponsored by, or operated by Jeopardy Productions, Inc. Join the discussion at JBoard.tv.